000 00323nam a22001337a 4500
008 180109b xxu||||| |||| 00| 0 eng d
020 _a537659001
041 _aeng
080 _a331
100 _a52
101 _aEKO
245 _aEconomics: Principles and Policy from a Christian Perspective
_cRose,T
942 _2udc
_cBK
999 _c39864
_d39864